00291nam a2200121Ia 4500008004100000041000800041082001200049100001200061245002000073260004000093300001900133999001700152241015s9999 xx 000 0 und d aeng a729 AGA aAgarwal aDesign Thinking bCengage Learning IndiaaDehlic2024 a280;. P. 24 cm c41801d41801